00269nam a22001217a 4500020001800000040000900018082001500027100001900042110002100061245001500082260003500097650001500132 a9780241242278 cnust a745.5bPES aPester, Sophie aBruns, Catharina aSupercraft aLondon:bDk Publishers,c2016. aSupercraft